000
00328nam a2200145Ia 4500
008
150201s2012 xx 000 0 und d
082
_a
611
_b
H12C
100
_a
CHAURASIA , B.D.
245
_a
HUMAN ANATOMY
250
_a
5TH
260
_b
CBS
_a
DELHI
_c
2012
300
_a
1-296
650
_a
HUMAN ANATOMY
942
_2
ddc
_c
BK
_0
20
999
_c
1429
_d
1429